000 01222nam a22002537a 4500
003 Uzh_bibl
008 260415b |||||||| |||| 00| 0 ukr d
020 _a5-7757-0222-0
_c0,50
040 _bукр.
041 _2ukr
_aukr
080 _a087
090 _a087
_bМ-14
100 _a-
245 _aМайстер Іванко
_bУкраїнські народні казки
_cхудож. А. М. Медвецька
_hТекст
260 _aУжгород
_b"Карпати"
_c1992
300 _a46 с.
_bіл.
520 _aДо книжки ввійшли кращі зразки українських народних казок, записаних П.В. Лінтуром, С.Г. Пушиком, М.Г. Івасюком на Закарпатті, Прикарпатті та Буковині.
521 _aДля широкого кола читачів
546 _aукр.
650 _aЛітературно-художнє видання
_xЛітературно-художнє видання
653 _aМайстер Іванко
_aТри брати й грабіна
_aПарубок Гуцул і царівна
655 _aХудожня література
_vКазки
942 _2udc
_cBK
999 _c17333
_d17333